Statistiques concernant 200 premiers mots de Harry Potter à l'école des sorciers

Cliquez ici pour prendre le quiz!

Statistiques générales

  • Ce quiz a été pris 725 fois
  • Le résultat moyen est 104 sur 200

Statistiques - réponses

Mots % Correct
d'
91%
s'
91%
d'
91%
à
89%
à
89%
à
89%
à
89%
c'
85%
C'
85%
c'
85%
le
83%
le
83%
du
82%
La
81%
la
81%
la
81%
la
81%
n'
80%
n'
80%
n'
80%
de
77%
de
77%
de
77%
de
77%
et
75%
et
75%
et
75%
et
75%
et
75%
un
72%
un
72%
un
72%
un
72%
un
72%
les
70%
Les
70%
Les
70%
qu'
68%
en
68%
en
68%
en
68%
qu'
68%
qu'
68%
qu'
68%
qu'
68%
qu'
68%
au
68%
Dursley,
67%
Dursley
67%
Dursley,
67%
Dursley
67%
Dursley
67%
Ils
66%
ils
66%
ils
66%
ils
66%
ils
66%
ils
66%
ils
66%
ils
66%
des
65%
Privet
65%
Drive,
65%
des
65%
des
65%
des
65%
se
64%
une
64%
une
64%
4,
63%
ce
63%
ce
63%
ce
63%
était
61%
était
61%
elle,
61%
était
61%
Dudley
61%
était
61%
était
61%
on
61%
qui
60%
qui
60%
qui
60%
qui
60%
ou
60%
pour
59%
mais
59%
pas
59%
pour
59%
pas
59%
par-
57%
plus
56%
plus
56%
plus
56%
avaient
56%
plus
56%
avaient
56%
avaient
56%
avaient
56%
étaient
55%
que
55%
étaient
55%
grand
55%
que
55%
avait
55%
que
55%
enfant
53%
habitaient
52%
petit
52%
Potter,
51%
cou,
51%
Mr
51%
cou
51%
Mr
51%
ses
49%
ne
49%
Mrs
48%
Mrs
48%
garçon
47%
grande
47%
leurs
45%
tout
45%
monde.
45%
tout
45%
homme
44%
avec
44%
avec
44%
eux.
43%
dans
43%
bel
43%
Si
42%
normaux,
42%
yeux
42%
lui
41%
jour.
40%
toujours
39%
voisins
39%
long
39%
parfaitement
37%
mince
37%
merci
36%
voulaient.
36%
quoi
36%
quant
35%
dessus
35%
moustache
34%
moyenne,
34%
entreprise
33%
espionner
33%
fort
33%
Jamais
32%
perceuses.
32%
jamais
32%
soit
32%
étrange
32%
fois
31%
deux
31%
prénommé
31%
chose
31%
fierté
30%
dont
30%
belle
30%
seule
29%
secret
29%
fabriquait
29%
affirmé
29%
blonde
28%
dirigeait
27%
regardant
27%
utile
27%
jardins.
26%
temps
26%
taille.
26%
revanche
26%
aurait
26%
clôtures
25%
perdre
25%
possédait
24%
trouver
23%
venait
23%
imaginé
23%
quiconque
23%
Grunnings,
23%
pratiquement
23%
découvre
23%
quiconque
23%
craignaient
23%
parler
23%
remettraient...
22%
sornettes.
22%
massif,
22%
entendre
21%
mystérieux.
21%
impliqués
20%
puissent
20%
indésirable
19%
convaincus
18%
disposait
18%
possédaient,
18%

Distribution des résultats

Percentile by Number Answered

% des personnes avec chaque résultat

Votre développement - résultats

Vous n’avez pas pris ce quiz